000 00667nam a22002057a 4500
003 NALT
005 20250115130256.0
008 s2557 th tha d
020 _a9786165277143
040 _aNALT
041 _atha
050 _aPE 1449
_bศ337 2557
245 0 0 _aศัพท์ 5 มิติ.
260 _aกรุงเทพฯ :
_bเอ็มไอเอส,
_c2557.
300 _a807 หน้า :
_bภาพประกอบ ;
_c21 ซม.
650 4 _aภาษาอังกฤษ
_9227
_xคำศัพท์
850 _aNALT
942 _cGB
_2lcc
999 _c73264
_d73264
998 _j111
_k นางสาวพจพิณ พรมเอี่ยม